LEADER 01214nam a2200265 u 4500 001 000000060266 003 CaOOAMICUS 005 20070226120907.0 008 010718s1986 it u000 u ita u 035 $a10897655 040 $aBAV$bita$dPUL(R) 245 13$aIl caso Wagner ; Crepuscolo degli idoli ; L'Anticristo ; Ecce homo ; Nietzsche contra Wagner /$cFriedrich Nietzsche ; versioni di Ferruccio Masini e di Roberto Calasso. 260 $aMilano :$bAdelphi,$c1986. 300 $a643 p. ;$c21 cm 490 1 $aClassici ;$v24 490 1 $aOpere di Friedrich Nietzsche ;$v6, 3 500 $aNel front. agg. copia del manoscritto originale con le correzieni di Nietzsche. 740 02$aCrepuscolo degli idoli. 740 02$aAnticristo. 740 02$aEcce homo. 740 02$aNietzsche contra Wagner. 800 1 $aNietzsche, Friedrich Wilhelm,$d1844-1900.$tOpere ;$v6, 3.$0(OLS)http://pul/nameTitle/261$0(OLS)http://pul/name/664$0(OLS)http://pul/title/5258 850 $aPUL 852 $aPUL$W1$xSL Filosofia 2$y80$mPhil D4 67.6c$j78515$nBK-PRI$b $qStampati altre collocazioni$B78515$CPULBib$Z2$F78515 $H $81 996 $6260$aMilano :$bAdelphi$9(OLS)http://pul/publisher/51018 LEADER 01271nam a2200253 a 4500 001 000000112175 003 CaOOAMICUS 005 20251017134928.0 008 080627s2008 it m 000 0 ita d 040 $aPUL$bita$dLDB 100 1 $aDe Martino, Francesco,$d1983-$0(OLS)http://pul/name/69094 245 12$aL'influenza del diritto occidentale nella recente evoluzione del sistema giuridico cinese: il diritto contrattuale e la proprietà intellettuale /$cFrancesco De Martino. 260 $aRoma :$bPontificia Università Lateranense,$c2008. 300 $a200 p. ;$c24 cm 500 $aSul front. : Theses ad Doctoratum in Iure Civili. 502 $aDiss. (Doct.)--Pontificia Università Lateranense, 2008. 504 $aBibliografia: p. [191]-199 650 4$aDiritto$zCina.$0(OLS)http://pul/subject/34564 850 $aPUL 852 $aPUL$W1$xDP1 Tesi Pon Univ. Lateranense$y41$m2008 D 4$j128406$qTesi$B127275$CPULBib$Z2$F127275 $82 941 1 $a16 996 $6245$aL'influenza del diritto occidentale nella recente evoluzione del sistema giuridico cinese: il diritto contrattuale e la proprietà intellettuale$9(OLS)http://pul/title/141008 996 $6260$aRoma :$bPontificia Università Lateranense$9(OLS)http://pul/publisher/47963